Microeconomics

Na minha lista:
Detalhes bibliográficos
Autor principal: Besanko, David A.
Outros Autores: Braeutigam, Ronald R., Rockett, Katharine
Formato: Livro
Idioma:inglês
Publicado em: Singapore John Wiley & Sons 2015
Edição:5th Edition
Assuntos:
Tags: Adicionar Tag
Sem tags, seja o primeiro a adicionar uma tag!

MARC

LEADER 00000nam a2200000 4500
001 0254559
005 20240226134217.9
020 |a 978-1-118-71638-0 
041 0 |a eng 
044 |a SG 
245 1 0 |a Microeconomics  |c David Besanko, Ronald Braeutigam, Katharine Rockett 
250 |a 5th Edition 
264 1 |a Singapore  |b John Wiley & Sons  |c 2015 
300 |a 684 s. 
610 2 0 |a mikroekonomika 
610 2 0 |a analýzy 
610 2 0 |a dopyt 
610 2 0 |a ponuka 
610 2 0 |a rovnováha trhová 
610 2 0 |a spotrebitelia 
610 2 0 |a teórie ekonomické 
610 2 0 |a produkty 
610 2 0 |a náklady 
610 2 0 |a trh 
610 2 0 |a konkurencia 
610 2 0 |a monopoly 
610 2 0 |a teória hier 
610 2 0 |a riziko 
610 2 0 |a teória rovnováhy ekonomickej 
610 2 0 |a statky verejné 
100 1 |a Besanko, David A. 
700 1 |a Braeutigam, Ronald R. 
700 1 |a Rockett, Katharine